000 00973nam a2200265 a 4500
001 BRCA_4334
005 20190320204630.0
008 040510s1957----sp-a######---#000-0#spa-#
041 _aspa
044 _asp
050 4 _aN5300
_b.P55 5 1957
100 1 _aPijoán, José
_d1880-1963
_qJosé Pijoán Soteras
_911100
245 1 0 _aSumma Artis
_bhistoria general del arte
_cJosé Pijoán.
260 _aEspaña
_bEspasa-Calpe
_c1957
300 _a580 p. (v.16)
_bil. (algunas a color)
_c27 cm.
500 _aIncluye índice alfabético, índice de materias e índice de láminas
500 _aEnciclopedia inventariada por Banco de México como libro
500 _aEjemplar igual a AA121. Ver también AA122, AA123, D136, D138, D142 y N28
500 _aD137
504 _aBibliografía: p. [539]-541
505 0 _aContenido: v.16. Arte barroco en Francia, Italia y Alemania: siglos XVII y XVIII
650 1 4 _aArte
_xHistoria
_911101
902 _aGFM
942 _2lcc
_cB
999 _c4045
_d4045